书目信息 |
| 题名: |
建筑力学
|
|
| 作者: | 段贵明 主编 | |
| 分册: | ||
| 出版信息: | 上海 同济大学出版社 2021.02 |
|
| 页数: | 306页 | |
| 开本: | 26cm | |
| 丛书名: | 全国高职高专教育建筑工程技术专业新理念教材 | |
| 单 册: | ||
| 中图分类: | TU311 | |
| 科图分类: | ||
| 主题词: | 建筑科学--jian zhu ke xue--力学--高等职业教育--教材 | |
| 电子资源: | ||
| ISBN: | 978-7-5608-8828-6 | |
| 000 | 01153nam 2200289 450 | |
| 001 | CAL 0120217138480 | |
| 005 | 20210403130002.6 | |
| 010 | @a978-7-5608-8828-6@dCNY60.00 | |
| 100 | @a20210329d2021 em y0chiy0120 ea | |
| 101 | 0 | @achi |
| 102 | @aCN@b310000 | |
| 105 | @aak a 000yy | |
| 106 | @ar | |
| 200 | 1 | @a建筑力学@Ajian zhu li xue@f主编段贵明 |
| 205 | @a第2版 | |
| 210 | @a上海@c同济大学出版社@d2021.02 | |
| 215 | @a306页@c图@d26cm | |
| 225 | 2 | @a全国高职高专教育建筑工程技术专业新理念教材@Aquan guo gao zhi gao zhuan jiao yu jian zhu gong cheng ji shu zhuan ye xin li nian jiao cai |
| 320 | @a有书目 (第306页) | |
| 330 | @a本书共分11个单元, 包括静力学基本知识、平面力系的合成与平衡、平面图形的几何性质、平面杆件体系的几何组成分析、强度理论及杆件的组合变形、压杆稳定、静定结构的内力和位移、超静定结构的内力和位移、影响线和内力包络图等。 | |
| 410 | 0 | @12001 @a全国高职高专教育建筑工程技术专业新理念教材 |
| 606 | 0 | @a建筑科学@Ajian zhu ke xue@x力学@x高等职业教育@j教材 |
| 690 | @aTU311@v5 | |
| 701 | 0 | @a段贵明@Aduan gui ming@4主编 |
| 801 | 0 | @aCN@b人天书店@c20210329 |
| 803 | @a高职 | |
| 905 | @aTSG@b0000224@dTU311@eD922@f2 | |
| 建筑力学/主编段贵明.-第2版.-上海:同济大学出版社,2021.02 |
| 306页:图;26cm.-(全国高职高专教育建筑工程技术专业新理念教材) |
| ISBN 978-7-5608-8828-6:CNY60.00 |
| 本书共分11个单元, 包括静力学基本知识、平面力系的合成与平衡、平面图形的几何性质、平面杆件体系的几何组成分析、强度理论及杆件的组合变形、压杆稳定、静定结构的内力和位移、超静定结构的内力和位移、影响线和内力包络图等。 |
| ● |
| 相关链接 |
|
|
|
正题名:建筑力学
索取号:TU311/D922
 
预约/预借
| 序号 | 登录号 | 条形码 | 馆藏地/架位号 | 状态 | 备注 |
| 1 | 1532648 | 215326485 | 建筑库101/101建筑库 77排2列3层/ [索取号:TU311/D922] | 在馆 | |
| 2 | 1532649 | 215326494 | 建筑库101/101建筑库 77排2列3层/ [索取号:TU311/D922] | 在馆 |